00680cam a2200193 450000500170000000800400001702000150005705000200007210000220009224500840011426000460019830000210024444000320026550000770029750400310037450400260040565000310043165000240046220251103112631.0251103b mx|||||||| |||| 00| 0 spa d a844930666304aJC251bE87 19991 aEsposito, Roberto13aEl origen de la política :bHannah Arendt o Simone Weil? /cRoberto Esposito. aBarcelona, España :bPaidós,cch1999. a133 p. ;c20 cm. 0aPaidós Studio ;v No. 131 aTraducción de: L'origine della politica : Hannah Arendt o Simone Weil? aBibliografía: p. 129-133 aIncluye bibliografias 4aCiencia PoliticaxHistoria 4aFilosofiaxSiglo XX